| 000 | 01005nam a2200277 i 4500 | ||
|---|---|---|---|
| 001 | 105601 | ||
| 003 | ES-MaACL | ||
| 005 | 20251106134421.0 | ||
| 007 | t| | ||
| 008 | 060727s1939 ag |||| | spa d | ||
| 080 | _a94(460)"1936/39"(0:82) | ||
| 080 | _a821.134.2-83"19" | ||
| 100 | 1 |
_aAzaña, Manuel, _d1880-1940 _924223 |
|
| 245 | 1 | 3 |
_aLa velada en Benicarló _b: diálogo sobre la guerra de España / _cManuel Azaña. |
| 260 |
_aBuenos Aires : _bLosada, _c[1939] ( _fImp. López) |
||
| 300 |
_a187 p. ; _c21 cm. |
||
| 490 | 1 | _aCristal del tiempo | |
| 530 | _aDisponible en formato digital. | ||
| 651 | 4 |
_aEspaña- _xHistoria- _y1936-1939, Guerra civil- _vTeatro. _98328 |
|
| 830 | 1 |
_aCristal del tiempo _9185072 |
|
| 852 | 4 |
_aES-MaACL _jAND-416 _zBiblioteca Juan Andrade _cDEPO2 |
|
| 856 | 4 |
_uhttp://bdh-rd.bne.es/viewer.vm?id=0000256371&page=1 _y(Biblioteca Digital Hispánica) |
|
| 903 |
_921511 _aAndrade, Juan, _d1897-1981 _ednr |
||
| 942 | _2udc | ||
| 999 |
_c105601 _d105601 |
||